Statistics for Highest Grossing 1960s Movies

Click here to take the quiz!

General Stats

  • This quiz has been taken 4,972 times
  • The average score is 12 of 20

Answer Stats

$ Summary Movie % Correct
163 mMusical nanny helps an Austrian family escape from the NazisThe Sound of Music
96%
102 mMagical nanny uses umbrella to flyMary Poppins
95%
142 mIndian boy is raised by wolves, befriended by a bear, and hated by a tigerThe Jungle Book
92%
57.8 mThe story of the the last Queen of EgyptCleopatra
88%
145 mPractical woman wants to reduce pet overpopulation and
get a new fur coat at the same time
101 Dalmatians
88%
105 mYoung man, fresh out of college, is seduced by an older woman,
but falls in love with her daughter
The Graduate
82%
57.0 mAstronauts travel to Jupiter to find the meaning of an ancient obelisk -
but the ship's computer has other plans
2001: A Space
Odyssey
66%
51.1 mOh no! A super-villain wants to steal all the gold in Fort KnoxGoldfinger
62%
72.0 mPhonetics professor turns a London street girl into a polished socialiteMy Fair Lady
60%
112 mPhysician falls in extramarital love during the time of the Russian revolutionDoctor Zhivago
59%
44.8 mIn WWI, an urbane English officer rallies desert tribes to
fight against the Ottoman Turks
Lawrence of Arabia
59%
44.5 mTwo grumpy young men share an apartment. One is laid-back
and messy. One is tightly-wound and neat
The Odd Couple
54%
102 mOld West outlaws successfully evade a posse and then go to BoliviaButch Cassidy and the
Sundance Kid
48%
56.7 mParents of an inter-racial couple meet over foodGuess Who's
Coming to Dinner
46%
45.3 mIn WWII, twelve convicted murderers are recruited for a dangerous mission
against high-ranking Nazi targets
The Dirty Dozen
43%
44.8 mTexas man buys cowboy clothing and moves to NYC to be a prosituteMidnight Cowboy
42%
44.3 mThree young women abuse prescription drugs, aka "dolls"Valley of the Dolls
35%
63.6 mSuave Scottish spy uses scuba skills to subdue SPECTRE scofflawThunderball
28%
46.3 mRandom strangers race to find cash hidden under a "W"?It's a Mad Mad Mad
Mad World
25%
46.5 mFour generations of a pioneer family move progressively west
across the American continent
How the West Was Won
13%

Score Distribution

Percentile by Number Answered

Percent of People with Each Score

Your Score History

You have not taken this quiz